| 000 | 00546nam a22001697a 4500 | ||
|---|---|---|---|
| 005 | 20251122180454.0 | ||
| 008 | 251122b |||||||| |||| 00| 0 eng d | ||
| 020 | _a9780070620995 | ||
| 050 | _aTD433 ARC | ||
| 100 | _aArceivala, Soli J. | ||
| 245 |
_aWastewater Treatment for Pollution Control and Reuse _cSoli J. Arceivala & Shyam R. Asolekar |
||
| 250 | _a3rd ed. | ||
| 260 |
_aNew Delhi _bTata McGraw-Hill Publishing Company Limited _c2007 |
||
| 300 |
_axiv. 518p. _bill. _c24.5cm |
||
| 700 | _aAsolekar, Shyam R | ||
| 942 |
_2lcc _cBK _e3rd ed. _n0 |
||
| 999 |
_c8362 _d8362 |
||